Catálogo público

Some unusual fungus diseases in Iowa during the summer of 1903 / (Record no. 206284)

MARC details
000 -CABECERA
campo de control de longitud fija 00827nam a2200289Ia 4500
001 - NÚMERO DE CONTROL
campo de control Para_7417
003 - IDENTIFICADOR DEL NÚMERO DE CONTROL
campo de control CHAP
008 - DATOS DE LONGITUD FIJA--INFORMACIÓN GENERAL
campo de control de longitud fija 220125s1999 xx 000 0 und d
010 ## - NÚMERO DE CONTROL DE LA BIBLIOTECA DEL CONGRESO
Número de control de LC 206284
040 ## - FUENTE DE LA CATALOGACIÓN
Centro/agencia transcriptor CHAP
082 ## - NÚMERO DE LA CLASIFICACIÓN DECIMAL DEWEY
Número de clasificación PA-C 632.3 B85
100 ## - ENTRADA PRINCIPAL--NOMBRE DE PERSONA
Nombre de persona Pammel, L.H.
9 (RLIN) 85040
245 ## - MENCIÓN DE TÍTULO
Título Some unusual fungus diseases in Iowa during the summer of 1903 /
Mención de responsabilidad, etc. by L.H. Pammel
260 ## - PUBLICACIÓN, DISTRIBUCIÓN, ETC.
Lugar de publicación, distribución, etc. s.l. :
Nombre del editor, distribuidor, etc. s.n.
300 ## - DESCRIPCIÓN FÍSICA
Extensión 8 p. + 2 láms.
500 ## - NOTA GENERAL
Nota general Encuadernado con otros impresos similares
650 ## - PUNTO DE ACCESO ADICIONAL DE MATERIA--TÉRMINO DE MATERIA
Término de materia o nombre geográfico como elemento de entrada Cultivos
Subdivisión general enfermedades
9 (RLIN) 30262
650 ## - PUNTO DE ACCESO ADICIONAL DE MATERIA--TÉRMINO DE MATERIA
Término de materia o nombre geográfico como elemento de entrada Hongos fitopatógenos
9 (RLIN) 56132
650 ## - PUNTO DE ACCESO ADICIONAL DE MATERIA--TÉRMINO DE MATERIA
Término de materia o nombre geográfico como elemento de entrada Phytophthora infestans
9 (RLIN) 87925
901 ## - ELEMENTOS DE DATOS A LOCAL LDA (RLIN)
a PA-C 632.3 B85
902 ## - ELEMENTOS DE DATOS B LOCAL, LDB (RLIN)
a A
905 ## - ELEMENTOS DE DATOS E LOCAL, LDE (RLIN)
a 00000019-- f 0000000000 00
910 ## - DATOS DE OPCIÓN DEL USUARIO (OCLC)
Datos de opción del usuario 19--
942 ## - ELEMENTOS DE PUNTO DE ACCESO ADICIONAL (KOHA)
Tipo de ítem Koha Parasitologia_
942 ## - ELEMENTOS DE PUNTO DE ACCESO ADICIONAL (KOHA)
Tipo de ítem Koha Parasitologia_
-- 1
Holdings
Estado de retiro Estado de pérdida Fuente del sistema de clasificación o colocación Estado dañado Restricciones de uso No para préstamo Código de colección Localización permanente Ubicación/localización actual Ubicación en estantería Fecha de adquisición Información codificada de la localización en otra ubicación Total de préstamos Código de barras Fecha visto por última vez Precio válido a partir de Tipo de ítem Koha Nota pública
    Dewey Decimal Classification   Préstamo interno   Consulta Parasitologia Agricola Parasitologia Agricola   27/10/2005 PARA   PA_4074-5 25/01/2022 25/01/2022 Libro 3